000 01616nam0a22002651 4500
001 rc\3418388
005 20260406122213.0
021 _aRU
_b[71-8580]
035 _a(NLR Aleph) 007581216
090 _a5510580
_c5510580
100 _a20130115d1970 |||y0rusy50 ca
101 0 _arus
102 _aRU
105 _aa z |||||
200 1 _aРекомендации по проведению технического обслуживания тракторов, зерноуборочных комбайнов и сельскохозяйственных машин мастерами-наладчиками
_fВсесоюз. объединение "Союзсельхозтехника" Совета Министров СССР. Гос. всесоюз. науч.-исслед. технол. ин-т ремонта и эксплуатации машинно-тракт. парка "ГосНИТИ". Отд. науч.-техн. информации и изд.
210 _aМосква
_cБ. и.
_d1970
215 _a191 с.
_cил.
_d21
606 _aСельскохозяйственные машины и орудия
_xУход и обслуживание
_2psbo
606 _aТракторы
_xУход и обслуживание
_2psbo
712 0 2 _aВсероссийский научно-исследовательский технологический институт ремонта и эксплуатации машинно-тракторного парка
_9302982
_3RU\NLR\AUTH\8814845
801 0 _aRU
_bNLR
_gpsbo
801 1 _aRU
_bELAR
_2rusmarc
852 _aNLR
_j71-3/511
942 _cBOOK
980 _aNB